| 000 | 00631nam a22002057a 4500 | ||
|---|---|---|---|
| 999 |
_c12544 _d12544 |
||
| 003 | AR-CdUCM | ||
| 008 | 190409b ||||| |||| 00| 0 spa d | ||
| 040 |
_aMUNICIPALIDAD PROVINCIAL DEL CUSCO _cBIBLIOTECA MUNICIPAL DEL CUSCO |
||
| 082 |
_aC / 781.7 / _bC35 |
||
| 100 |
_aCastro Pinto, Ricardo _930049 |
||
| 245 |
_aLlaqtaq Takinkuna : _bCantos del pueblo / |
||
| 260 |
_aCusco : _c1970. |
||
| 300 |
_a20 páginas ; _bpentagrama, _c22 cm. |
||
| 505 | _aContenido: Cantos. | ||
| 650 |
_aMúsica _91443 |
||
| 650 |
_aPentagramas _915098 |
||
| 650 |
_aCantos en Quechua _930426 |
||
| 942 |
_2ddc _cLIBROS |
||
| 945 |
_aachl _d2019-04-09 |
||